Riziká vzniku digitálnej priepasti (Digital divide)

Vznik digitálnej priepasti v SR a vo svete. Hodnotenie kvality vysokorýchlostného internetu Broadband quality score (BQS) v SR a vo svete. Vládne programy podporujúce zvýšenie prístupu k širokopásmovému internetu.

Uložené v:
Podrobná bibliografia
Hlavný autor: Kuchar, Stanislav
Médium: Kapitola
Jazyk:Slovak
Predmet:
Tagy: Pridať tag
Žiadne tagy, Buďte prvý, kto otaguje tento záznam!

MARC

LEADER 00000naa a2200000 4500
001 0118250
005 20250721121312.0
041 0 |a slo 
044 |a SK 
245 1 0 |a Riziká vzniku digitálnej priepasti (Digital divide)  |c Stanislav Kuchar 
520 |a Vznik digitálnej priepasti v SR a vo svete. Hodnotenie kvality vysokorýchlostného internetu Broadband quality score (BQS) v SR a vo svete. Vládne programy podporujúce zvýšenie prístupu k širokopásmovému internetu. 
610 2 0 |a internet 
610 2 0 |a technológie informačné 
610 2 0 |a systémy informačné 
610 2 0 |a krajiny vyspelé 
610 2 0 |a porovnanie medzinárodné 
610 2 0 |a technológie komunikačné 
610 2 0 |a technológie nové 
610 2 0 |a priepasť digitálna 
100 1 |a Kuchar, Stanislav